| 000 | 00399cam a22001337a 4500 | ||
|---|---|---|---|
| 008 | 180718b1953 xxu||||| |||| 00| 0 eng d | ||
| 082 | _aK5 In7i | ||
| 245 |
_aInduction: introducing industry to the individual _cby Institute of Personnel Management |
||
| 260 |
_aLondon _bIPM _c1953 |
||
| 300 | _a26p. | ||
| 500 | _aFirst pub. 1950 | ||
| 650 | _aTraining | ||
| 700 | _aInstitute of Personnel Management | ||
| 999 |
_c370612 _d370612 |
||